00461nam a22001577a 450000500170000000800410001702000140005804100130007208200140008510000270009924500540012625000240018026000410020430000320024565000260027720231102091125.0231102b |||||||| |||| 00| 0 eng d a421145404 aEnglish  a346.6 LIN aScamell, EH lEnglish  aLindley on the Law of Partnership / cEH Scamell  aThirteenth Edition  aLondon : bSweet and Maxwell,c1971  bclii, 950 pages ; c26 cm.  aLegal practice bLaw